02093nam a2200217Ia 4500008004100000040001800041041000800059100003900067242016400106243013500270245016500405260005500570300002600625500059700651505051201248506002201760546002401782650002201806650002301828650002401851130821s1890 fr gr spa  aCo-BoUCMbspa0 afre1 aBrunetière, Ferdinandd1849-190600aLa evolución de los géneros en la Historia de la LiteraturabLecciones dictadas en la Escuela Normal Superior ;Tomo primerocpor Fernando Brunetièreyspa13a[La evolución de los géneros en la Historia de la LiteraturabLecciones dictadas en la Escuela Normal Superior ; Tomo primero]10aL'évolution des genres dans l'histoire de la littératurebLeçons professées à l'École Normal Supérieurecpar Ferdinand Brunetière ; Tome premier aParís (Francia)bLibrairie Hechette et Ciec1890 axiv, 283, 3 páginas aDetalles físicos: Encuadernación rígida (holandesa) en cartón duro forrado en papel jaspeado con levemente dañado en bordes, lomo en piel rojo, con nervaduras y repujados, adornos y letras en dorado. Guardas con papel de agua fino. Anteportada. Portada sencilla, impresa en negro. Texto bien impreso en una sola columna, sobre papel de calidad. Márgenes amplios. Papel con manchas. Cortes decorados con salpicado de color. Ejemplar en buen estado de conservación. En la portada, anotación de propiedad: un sello de tinta que dice: "El Colegio de Nuestra Señora del Rosario".0 aLección 1: De Du Bellay hasta Malherbe (1550-1610). ; Lección 2: De Malherbe hasta Boileau (1605-1665). ; Lección 3: De Boileau hasta Despréaux (1665-1685). ; Lección 4: Las disputas entre antiguos y modernos (1690-1720). ; Lección 5: La crítica literaria en el siglo XVIII (1720-1800). ; Lección 6: Madame de Staël y Chateaubriand (1800-1820). ; Lección 7: La crítica de Villemain (1820-1835). ; Lección 8: La obra de Sainte-Beuve (1830-1865). ; Lección 9: M. ; Taine (1865-1880). aConsulta en sala. aTexto en francés.04aFormas literarias04aLiteratura europea04aLiteratura francesa